LEADER 00837nam a2200241 i 4500 001 991002998819707536 005 20020503181544.0 008 000908s1981 be ||| | fre 035 $ab10443848-39ule_inst 035 $aEXGIL113334$9ExL 040 $aBiblioteca Interfacoltà$bita 082 0 $a843.8 100 1 $aLemonnier, Camille$0299391 245 10$aHappe-Chair /$cCamille Lemonnier ; préface de Philippe Muret 260 $aBruxelles :$bAntoine,$cc1981 300 $a394 p. ;$c21 cm. 490 0 $aPassé présent ;$v31 907 $a.b10443848$b21-02-17$c27-06-02 912 $a991002998819707536 945 $aLE002 Lett. II C 13$g1$i2002000506689$lle002$o-$pE0.00$q-$rl$s- $t0$u0$v0$w0$x0$y.i1051482x$z27-06-02 996 $aHappe-chair$9223961 997 $aUNISALENTO 998 $ale002$b01-01-00$cm$da $e-$ffre$gbe $h0$i1 LEADER 02870nam 22005773 450 001 9910915685203321 005 20230623081213.0 010 $a84-9180-981-3 035 $a(MiAaPQ)EBC30602606 035 $a(Au-PeEL)EBL30602606 035 $a(OCoLC)1399430442 035 $a(FINmELB)ELB231421 035 $a(CKB)27125209300041 035 $a(EXLCZ)9927125209300041 100 $a20230623d2023 uy 0 101 0 $aspa 135 $aurcnu|||||||| 181 $ctxt$2rdacontent 182 $cc$2rdamedia 183 $acr$2rdacarrier 200 10$aLa Inteligencia Artificial en el Periodismo $eMapping de Conceptos, Casos y Recomendaciones 205 $a1st ed. 210 1$aBarcelona :$cEditorial UOC,$d2023. 210 4$d©2023. 215 $a1 online resource (192 pages) 225 1 $aManuales Series ;$vv.192 300 $aIncluye anexos. 300 $aIncluye i?ndice. 311 08$aPrint version: Tejedor Calvo, Santiago La Inteligencia Artificial en el Periodismo Barcelona : Editorial UOC,c2023 9788491809807 320 $aIncluye bibliografi?a. 330 $aEste libro reflexiona sobre el impacto, las posibilidades y los desafíos que la inteligencia artificial (IA) introduce en el ámbito periodístico. A partir de una selección de listas, tablas, gráficos, informes, experiencias y noticias, el trabajo invita a cultivar una mirada siempre crítica hacia el rol de la tecnología en el periodismo y la comunicación. Además, se ha elaborado una cartografía mundial -hasta el momento inexistente- de experiencias periodísticas que trabajan con esta tecnología. La obra presenta directorios de conceptos clave, enumera potencialidades, advierte de riesgos y amenazas, esboza perfiles y procesos, y sintetiza directorios de recursos y materiales de ayuda. Todo ello prologado por un texto del investigador y docente Ramón Salaverría. El objetivo no es más que explicar, contextualizar y divulgar qué es (y qué no es) la IA y cómo puede sumar en el quehacer periodístico. Un periodismo que cree, necesita y se edifica en torno a las historias contextualizadas y elocuentes. Algo que solo saben hacer los humanos (por ahora). 410 0$aManuales Series 606 $aInteligencia artificial 606 $aPeriodismo 606 $aPeriodismo$xAspectos tecnolo?gicos 606 $aProcesamiento 608 $aLibros electro?nicos. 615 4$aInteligencia artificial. 615 4$aPeriodismo. 615 4$aPeriodismo$xAspectos tecnolo?gicos. 615 4$aProcesamiento. 676 $a006.33 700 $aTejedor Calvo$b Santiago$01778273 701 $aSalaverría$b Ramón$01778274 801 0$bMiAaPQ 801 1$bMiAaPQ 801 2$bMiAaPQ 906 $aBOOK 912 $a9910915685203321 996 $aLa Inteligencia Artificial en el Periodismo$94301039 997 $aUNINA